000 00680nam a2200205Ii 4500
003 JO-AjNU
008 230605s9999||||xx |||||||||||||| ||und||
017 _a2005/4/779
040 _aJO-AjNU
_bara
_erda
_cJO-AjNU
041 _aara
050 1 4 _aDS247.B28Z39 2005
100 3 _aالزيدي، مفيد,
_eauthor
_919242
245 0 0 _aدولة البحرين من الإمارة إلى الملكية الدستورية
264 3 1 _aعمان: دار اسامة للنشر والتوزيع، 2005
300 _a92ص
336 _atext
_btxt
_2rdacontent
337 _aunmediated
_bn
_2rdamedia
338 _avolume
_bnc
_2rdacarrier
650 4 _aالبحرين-تاريخ
_919243
999 _aA6309
_c9877
_d9877